书目信息 |
| 题名: |
Wiener sausage的大偏差和重对数律
|
|
| 作者: | 王艳清 著 | |
| 分册: | ||
| 出版信息: | 武汉 华中科技大学出版社 2016.11 |
|
| 页数: | 140页 | |
| 开本: | 24cm | |
| 丛书名: | ||
| 单 册: | ||
| 中图分类: | O211.1 | |
| 科图分类: | ||
| 主题词: | 大偏差 , 重对数律 | |
| 电子资源: | ||
| ISBN: | 978-7-5680-2184-5 | |
| 000 | 01255nam0 2200265 450 | |
| 001 | 0400004575 | |
| 005 | 20171024130710.0 | |
| 010 | @a978-7-5680-2184-5@dCNY36.00 | |
| 100 | @a20170215d2016 em y0chiy50 ea | |
| 101 | 0 | @achi |
| 102 | @aCN@b420000 | |
| 105 | @ay z 000yy | |
| 106 | @ar | |
| 200 | 1 | @aWiener sausage的大偏差和重对数律@9Wiener sausage de da pian cha he chong dui shu lv@dLarge deviation and laws of the iterated logarithm for Wiener sausage@f王艳清著@zeng |
| 210 | @a武汉@c华中科技大学出版社@d2016.11 | |
| 215 | @a140页@d24cm | |
| 300 | @a“双一流”大学学科建设学术文库 数学与应用数学学术文库·概率论 国家自然科学基金和中央高校基本科研业务费以及中南财经政法大学统计与数学学院一流学科建设经费的资助 | |
| 330 | @a本书从大偏差角度研究Wiener sausage相交轨道的性质,主要是下临界和临界维数情形。我们采用经典的Feynman-Kac方法和高阶矩逼近方法,研究其相交体积和相交时间的大偏差理论。利用大偏差提供的尾估计研究了单个Wiener sausage体积的重对数律、强逼近等极限性质。 | |
| 510 | 1 | @aLarge deviation and laws of the iterated logarithm for Wiener sausage@zeng |
| 606 | 0 | @a大偏差 |
| 606 | 0 | @a重对数律 |
| 690 | @aO211.1@v5 | |
| 701 | 0 | @a王艳清@9wang yan qing@4著 |
| 801 | 0 | @aCN@b91MARC@c20171024 |
| 905 | @b1038380-4@dO211.1@f5@e391 | |
| Wiener sausage的大偏差和重对数律=Large deviation and laws of the iterated logarithm for Wiener sausage/王艳清著.-武汉:华中科技大学出版社,2016.11 |
| 140页;24cm |
| “双一流”大学学科建设学术文库 数学与应用数学学术文库·概率论 国家自然科学基金和中央高校基本科研业务费以及中南财经政法大学统计与数学学院一流学科建设经费的资助 |
| ISBN 978-7-5680-2184-5:CNY36.00 |
| 本书从大偏差角度研究Wiener sausage相交轨道的性质,主要是下临界和临界维数情形。我们采用经典的Feynman-Kac方法和高阶矩逼近方法,研究其相交体积和相交时间的大偏差理论。利用大偏差提供的尾估计研究了单个Wiener sausage体积的重对数律、强逼近等极限性质。 |
| ● |
| 相关链接 |
|
|
|
|
正题名:Wiener sausage的大偏差和重对数律
索取号:O211.1/391
 
预约/预借
| 序号 | 登录号 | 条形码 | 馆藏地/架位号 | 状态 | 备注 |
| 1 | 1038380 | 210383805 | 第二样本阅览室/ [索取号:O211.1/391] | 在馆 | |
| 2 | 1038381 | 210383814 | 密集书库-数信学院/ [索取号:O211.1/391] | 在馆 | |
| 3 | 1038382 | 210383823 | 第三借阅区/ [索取号:O211.1/391] | 在馆 | |
| 4 | 1038383 | 210383832 | 第三借阅区/ [索取号:O211.1/391] | 在馆 | |
| 5 | 1038384 | 210383841 | 第三借阅区/ [索取号:O211.1/391] | 在馆 |